00232 a2200121 4500001000700000020000600007040001100013100000600024240003300030245002800063362000900091440001000100161174 a  cMagnum a-10aA bela adormecida/globolpor10aA bela adormecida/globo0 a1899 1aGlobo